Statistics for music trivia: 2003 songs and artists

Click here to take the quiz!

General Stats

  • This quiz has been taken 75 times
    (63 since last reset)
  • The average score is 6 of 15

Answer Stats

2003 songs by...this corresponding artist or group% Correct
Hey Ya!Outkast
89%
Seven Nation ArmyThe White Stripes
75%
ClocksColdplay
74%
BeautifulChristina Aguilera
53%
Stacy's MomFountains of Wayne
51%
HurtJohnny Cash
42%
Your Body is a WonderlandJohn Mayer
40%
Beer for My HorsesToby Keith feat. Willie Nelson
34%
It's Five O'Clock SomewhereAlan Jackson & Jimmy Buffett
19%
Don't Know WhyNorah Jones
19%
Calling All AngelsTrain
19%
IntuitionJewel
15%
Waitin' on a Sunny DayBruce Springsteen
13%
Yoshimi Battles the Pink Robots, Pt. 1The Flaming Lips
13%
Diamonds on the InsideBen Harper
9%

Score Distribution

Percentile by Number Answered

Percent of People with Each Score

Your Score History

You have not taken this quiz since the last reset